[Event "Nis it"]
[Site "Nis YUG"]
[Date "1979.10.24"]
[Round "7"]
[White "Pavlovic, Dragoljub"]
[Black "Marjanovic, Slavoljub"]
[Result "1/2-1/2"]
[WhiteElo "2340"]
[BlackElo "2505"]
[EventDate "1979.10.17"]
[PlyCount "43"]
[Source "Perpetual Check"]

1.d4 d5 2.c4 e6 3.Nf3 c5 4.cxd5 exd5 5.g3 Nc6 6.Bg2 Nf6 7.O-O Be7 8.Nc3 
O-O 9.b3 Ne4 10.Bb2 Bf6 11.Na4 Re8 12.Rc1 cxd4 13.Nxd4 Bd7 14.e3 Rc8 15.
Ne2 Bxb2 16.Nxb2 Be6 17.Nd3 Qa5 18.Nef4 Rcd8 19.Nxe6 Rxe6 20.Qc2 Re7 21.
Rfd1 h6 22.Qb2 1/2-1/2

[Event "Nis it"]
[Site "Nis YUG"]
[Date "1979.10.24"]
[Round "7"]
[White "Maksimovic, Branimir"]
[Black "Vukic, Milan"]
[Result "0-1"]
[WhiteElo "2265"]
[BlackElo "2485"]
[EventDate "1979.10.17"]
[PlyCount "74"]
[Source "Perpetual Check"]

1.d4 Nf6 2.Nc3 d5 3.Bg5 Nbd7 4.f3 e6 5.e4 h6 6.Bh4 dxe4 7.fxe4 Bb4 8.Qf3 
c5 9.e5 cxd4 10.exf6 dxc3 11.bxc3 Qa5 12.Ne2 g5 13.cxb4 Qxb4+ 14.Nc3 Qxh4+
15.g3 Qd4 16.Rd1 Qxf6 17.Qxf6 Nxf6 18.Bg2 Ke7 19.O-O Rb8 20.Rd3 Rf8 21.Nb5
a6 22.Nd6 Nd5 23.Bxd5 Kxd6 24.Bxb7+ Ke7 25.Bc6 f5 26.Ba4 Rd8 27.Re3 Kf6 
28.Rfe1 Rb6 29.Bb3 Rdd6 30.c4 Rbc6 31.Re5 Rd2 32.R1e3 g4 33.c5 Rd4 34.Kf1 
a5 35.a4 Rb4 36.Bd1 Rc4 37.Be2 R4xc5 0-1

[Event "Nis it"]
[Site "Nis YUG"]
[Date "1979.10.24"]
[Round "7"]
[White "Jansa, Vlastimil"]
[Black "Seirawan, Yasser"]
[Result "1/2-1/2"]
[WhiteElo "2495"]
[BlackElo "2485"]
[EventDate "1979.10.17"]
[PlyCount "81"]
[Source "Perpetual Check"]

1.e4 g6 2.d4 Bg7 3.Nf3 d6 4.Be2 Nf6 5.Nc3 O-O 6.O-O Bg4 7.Be3 Nc6 8.Qd2 e5
9.dxe5 dxe5 10.Rad1 Qc8 11.Qc1 Rd8 12.Rxd8+ Qxd8 13.Rd1 Qe8 14.h3 Bxf3 15.
Bxf3 Rd8 16.Nb5 Rd7 17.Rxd7 Qxd7 18.Qd2 Qc8 19.Nc3 a6 20.Nd5 Nxd5 21.Qxd5 
Qe6 22.Qxe6 fxe6 23.c3 Kf7 24.h4 h5 25.Be2 Ne7 26.f3 Ng8 27.Kf2 Bh6 28.g3 
Bxe3+ 29.Kxe3 Kf6 30.b4 Ne7 31.a4 Nc8 32.a5 Ne7 33.Bf1 g5 34.hxg5+ Kxg5 
35.b5 axb5 36.Bxb5 c6 37.Bc4 Kf6 38.a6 bxa6 39.Bxa6 Ng6 40.Bb7 c5 41.f4 
1/2-1/2

[Event "Nis it"]
[Site "Nis YUG"]
[Date "1979.10.25"]
[Round "8"]
[White "Tringov, Georgi"]
[Black "Seirawan, Yasser"]
[Result "1-0"]
[WhiteElo "2460"]
[BlackElo "2485"]
[EventDate "1979.10.17"]
[PlyCount "82"]
[Source "Perpetual Check"]

1.e4 e6 2.d4 d5 3.Nd2 Nc6 4.Ngf3 Nf6 5.e5 Nd7 6.c3 f6 7.Bd3 fxe5 8.Nxe5 
Ndxe5 9.dxe5 Nxe5 10.Qh5+ Nf7 11.Bxh7 e5 12.Nf3 Bd6 13.O-O Kf8 14.Nh4 Bg4 
15.Qxg4 Rxh7 16.Ng6+ Ke8 17.Qe6+ Be7 18.Nxe5 Nxe5 19.Qg8+ Kd7 20.Qxh7 Bd6 
21.Qf5+ Kc6 22.Bf4 Qf6 23.Qxf6 gxf6 24.Bg3 a5 25.Rad1 a4 26.Rfe1 b5 27.Re2
Rd8 28.h4 Kc5 29.Rd4 c6 30.h5 Rh8 31.Rh4 Nd3 32.Bxd6+ Kxd6 33.h6 c5 34.h7 
b4 35.cxb4 Nxb4 36.Re3 d4 37.Rg3 d3 38.Rxb4 cxb4 39.Rxd3+ Kc5 40.Rh3 f5 
41.Rh4 a3 1-0

[Event "Nis it"]
[Site "Nis YUG"]
[Date "1979.10.25"]
[Round "8"]
[White "Vukic, Milan"]
[Black "Jansa, Vlastimil"]
[Result "1/2-1/2"]
[WhiteElo "2485"]
[BlackElo "2495"]
[EventDate "1979.10.17"]
[PlyCount "160"]
[Source "Perpetual Check"]

1.d4 Nf6 2.c4 e6 3.Nf3 d5 4.g3 Be7 5.Bg2 O-O 6.O-O dxc4 7.Qc2 a6 8.a4 Bd7 
9.Qxc4 Bc6 10.Bf4 a5 11.Nc3 Na6 12.Rfd1 Nb4 13.Be5 Bd6 14.e3 Nd7 15.Bf4 
Bxf4 16.gxf4 Bxf3 17.Bxf3 c6 18.Kh1 Nf6 19.Rg1 Qb6 20.Rg5 Nbd5 21.Qe2 g6 
22.h4 Qb4 23.Qc2 Kh8 24.Ne4 Nxe4 25.Bxe4 Qe7 26.Bf3 f6 27.Rg3 f5 28.Rh3 
Rg8 29.Kg2 Rg7 30.Rhh1 Nf6 31.Ra3 Nd5 32.Kf1 h5 33.Kg2 Kh7 34.Kh3 Nf6 35.
Rc3 Kh6 36.Rc1 Kh7 37.Rc4 Nd5 38.Rc5 Qd8 39.Qd2 Rf7 40.Be2 Rd7 41.Rg1 Rd6 
42.Bf3 Qb6 43.Qe2 Nf6 44.Rgc1 Qd8 45.Rb1 Qb6 46.Rc4 Qb3 47.Qc2 Qxc2 48.
Rxc2 Nd5 49.Be2 Kg7 50.b3 Kf7 51.Kg3 Rd7 52.Kf3 Nb4 53.Rcc1 Nd5 54.Rc5 
Rdd8 55.Bd3 Rd7 56.Ke2 Rdd8 57.Kd2 Rd6 58.Rbc1 Nf6 59.Ke1 Nd5 60.Bf1 Nb4 
61.f3 b6 62.R5c4 Rad8 63.Kf2 R8d7 64.Be2 Rd8 65.Rg1 R6d7 66.Rcc1 Kf6 67.
Rgd1 Kf7 68.Re1 Kf6 69.Bc4 Re7 70.Re2 Red7 71.Ke1 Rd6 72.Rb1 R6d7 73.Rc1 
Rd6 74.Rg2 R6d7 75.Ke2 Rg7 76.Rd1 Rgd7 77.Rg5 Rg7 78.Rdg1 Rd6 79.R5g2 Rd8 
80.Ke1 Rd6 1/2-1/2

[Event "Nis it"]
[Site "Nis YUG"]
[Date "1979.10.25"]
[Round "8"]
[White "Marjanovic, Slavoljub"]
[Black "Maksimovic, Branimir"]
[Result "1-0"]
[WhiteElo "2505"]
[BlackElo "2265"]
[EventDate "1979.10.17"]
[PlyCount "83"]
[Source "Perpetual Check"]

1.e4 e6 2.d4 d5 3.Nd2 Nf6 4.Bd3 Nc6 5.e5 Nd7 6.c3 f5 7.g4 Ncxe5 8.dxe5 
Nxe5 9.Be2 fxg4 10.Nb3 Bd6 11.h4 O-O 12.Bg5 Qe8 13.h5 Rf5 14.Be3 Rxh5 15.
Rxh5 Qxh5 16.Qd4 b6 17.Bf4 c5 18.Qe3 Bd7 19.O-O-O Rf8 20.Bxe5 Qxe5 21.Bxg4
Qf6 22.Nh3 a5 23.Nd2 Qg6 24.Rg1 a4 25.a3 b5 26.Bd1 Qf6 27.Bc2 Be8 28.Ng5 
Bg6 29.Bxg6 hxg6 30.Qh3 Re8 31.Kd1 Bf4 32.Ndf3 Qf5 33.Qh7+ Kf8 34.Qh8+ Ke7
35.Qxg7+ Kd6 36.Nf7+ Kc6 37.Qxg6 Qxg6 38.Rxg6 b4 39.axb4 Rf8 40.Rf6 Bd6 
41.N3e5+ Kc7 42.Nxd6 1-0

[Event "Nis it"]
[Site "Nis YUG"]
[Date "1979.10.25"]
[Round "8"]
[White "Kuligowski, Adam"]
[Black "Ilic, Zoran"]
[Result "1-0"]
[WhiteElo "2495"]
[BlackElo "2440"]
[EventDate "1979.10.17"]
[PlyCount "49"]
[Source "Perpetual Check"]

1.d4 Nf6 2.c4 c5 3.d5 g6 4.Nc3 Bg7 5.e4 d6 6.f3 O-O 7.Bg5 h6 8.Be3 a6 9.
Nge2 e6 10.a4 Re8 11.Ng3 exd5 12.cxd5 Nbd7 13.Be2 Rb8 14.O-O Qc7 15.Qd2 
Kh7 16.h3 Qa5 17.Kh2 Qb4 18.Qc2 h5 19.a5 b5 20.Rfb1 Ne5 21.Nf1 Bh6 22.Bf2 
Nc4 23.Be1 Nxa5 24.Ra3 c4 25.Na4 1-0

[Event "Nis it"]
[Site "Nis YUG"]
[Date "1979.10.25"]
[Round "8"]
[White "Ermenkov, Evgeny"]
[Black "Ciric, Dragoljub"]
[Result "1/2-1/2"]
[WhiteElo "2495"]
[BlackElo "2440"]
[EventDate "1979.10.17"]
[PlyCount "52"]
[Source "Perpetual Check"]

1.e4 c6 2.d4 d5 3.Nd2 dxe4 4.Nxe4 Nf6 5.Nxf6+ exf6 6.c3 Bd6 7.Bd3 O-O 8.
Ne2 Re8 9.Qc2 h6 10.O-O Nd7 11.Bf4 Bxf4 12.Nxf4 Nf8 13.Bc4 Be6 14.Bb3 Qd6 
15.g3 Bxb3 16.axb3 Ne6 17.Nxe6 fxe6 18.Rfd1 e5 19.Qg6 a6 20.dxe5 Qxe5 21.
Rd7 Re7 22.Rad1 Rae8 23.b4 Qg5 24.Qb1 Qe5 25.R7d4 Qh5 26.Rd7 Qf3 1/2-1/2

[Event "Nis it"]
[Site "Nis YUG"]
[Date "1979.10.27"]
[Round "9"]
[White "Djukic, Zeljko"]
[Black "Tringov, Georgi"]
[Result "0-1"]
[WhiteElo "2370"]
[BlackElo "2460"]
[EventDate "1979.10.17"]
[PlyCount "66"]
[Source "Perpetual Check"]

1.d4 Nf6 2.c4 c5 3.d5 e6 4.Nc3 exd5 5.cxd5 d6 6.e4 g6 7.Nf3 Bg7 8.Bg5 h6 
9.Bh4 a6 10.Nd2 Nbd7 11.a4 O-O 12.Be2 Re8 13.O-O b6 14.Qc2 Qc7 15.Nc4 Ne5 
16.b3 Nh7 17.Ne3 g5 18.Bg3 Ng6 19.Rae1 Nf4 20.Bg4 Bxc3 21.Qxc3 Rxe4 22.
Bxc8 Qxc8 23.Nc4 Rxe1 24.Rxe1 Qd8 25.Bxf4 gxf4 26.Re4 Qf6 27.Qxf6 Nxf6 28.
Nxb6 Rb8 29.Rxf4 Rxb6 30.Rxf6 c4 31.b4 c3 32.Rf4 c2 33.Rc4 Rxb4 0-1

[Event "Nis it"]
[Site "Nis YUG"]
[Date "1979.10.27"]
[Round "9"]
[White "Ilic, Zoran"]
[Black "Ermenkov, Evgeny"]
[Result "1/2-1/2"]
[WhiteElo "2440"]
[BlackElo "2495"]
[EventDate "1979.10.17"]
[PlyCount "133"]
[Source "Perpetual Check"]

1.d4 Nf6 2.c4 c5 3.d5 e6 4.Nc3 exd5 5.cxd5 d6 6.Nf3 g6 7.g3 Bg7 8.Bg2 O-O 
9.O-O a6 10.a4 Nbd7 11.h3 Rb8 12.a5 Ne8 13.Nd2 Nc7 14.Nc4 Ne5 15.Nb6 f5 
16.f4 Nf7 17.Bd2 Bd7 18.Re1 Re8 19.Rb1 Nb5 20.e3 Re7 21.Qc1 Qc7 22.Nca4 
Rbe8 23.b4 cxb4 24.Rxb4 Qd8 25.Rc4 Nh6 26.Nxd7 Rxd7 27.Nb6 Rc7 28.Rxc7 
Nxc7 29.Qc2 Kf7 30.Bf3 Re7 31.Kg2 Nb5 32.Rc1 Rc7 33.Qb1 Ng8 34.g4 Ne7 35.
Rc4 Na3 36.Qb3 Nxc4 37.Nxc4 Nc8 38.Bc1 Qd7 39.Be2 Kg8 40.Ba3 Bf8 41.Qd3 
Na7 42.Bb4 Nb5 43.Bd1 Qc8 44.Be2 Rf7 45.Kh2 Qd8 46.Be1 Qf6 47.Kg2 Re7 48.
Bb4 Rc7 49.Bd1 Qa1 50.Be2 Qa4 51.Bd2 Qa2 52.Nb6 Bg7 53.Kg3 Qa1 54.Kg2 Qb2 
55.Kg3 Nc3 56.Bf3 h6 57.gxf5 gxf5 58.Nc4 Rxc4 59.Qxc4 Qxd2 60.Qc8+ Bf8 61.
Qe6+ Kg7 62.Qd7+ Kh8 63.Qxf5 Qe1+ 64.Kg2 Qd2+ 65.Kg3 Be7 66.Qc8+ Kg7 67.
Qg4+ 1/2-1/2

[Event "Nis it"]
[Site "Nis YUG"]
[Date "1979.10.27"]
[Round "9"]
[White "Pavlovic, Dragoljub"]
[Black "Kuligowski, Adam"]
[Result "0-1"]
[WhiteElo "2340"]
[BlackElo "2495"]
[EventDate "1979.10.17"]
[PlyCount "62"]
[Source "Perpetual Check"]

1.d4 Nf6 2.c4 e6 3.Nf3 c5 4.e3 d5 5.cxd5 exd5 6.Nc3 Nc6 7.Bb5 Bd6 8.Ne5 
Qc7 9.Nf3 O-O 10.Be2 a6 11.dxc5 Bxc5 12.O-O Qd6 13.b3 Re8 14.Bb2 Ba7 15.
Rc1 Bb8 16.Qc2 d4 17.Rfd1 Bg4 18.g3 Nb4 19.Qb1 dxc3 20.Rxd6 cxb2 21.Rcd1 
Bxd6 22.Rxd6 Ne4 23.Rd4 Rac8 24.Kg2 Rc2 25.Rxe4 Rxe4 26.a3 Rxe3 27.fxe3 
Rxe2+ 28.Kf1 Bxf3 29.axb4 Rd2 30.Qf5 Bg4 31.Qe4 h5 0-1

[Event "Nis it"]
[Site "Nis YUG"]
[Date "1979.10.27"]
[Round "9"]
[White "Jansa, Vlastimil"]
[Black "Marjanovic, Slavoljub"]
[Result "1/2-1/2"]
[WhiteElo "2495"]
[BlackElo "2505"]
[EventDate "1979.10.17"]
[PlyCount "33"]
[Source "Perpetual Check"]

1.e4 c5 2.Nf3 e6 3.d4 cxd4 4.Nxd4 Nc6 5.Nb5 d6 6.c4 Nf6 7.N1c3 a6 8.Na3 
Be7 9.Be2 O-O 10.O-O b6 11.Be3 Ne5 12.f3 Rb8 13.Qe1 Bb7 14.Qf2 Ba8 15.Rfd1
Qc7 16.Rac1 Rfd8 17.Na4 1/2-1/2

[Event "Nis it"]
[Site "Nis YUG"]
[Date "1979.10.27"]
[Round "9"]
[White "Seirawan, Yasser"]
[Black "Vukic, Milan"]
[Result "1-0"]
[WhiteElo "2485"]
[BlackElo "2485"]
[EventDate "1979.10.17"]
[PlyCount "59"]
[Source "Perpetual Check"]

1.c4 Nf6 2.Nc3 g6 3.g3 Bg7 4.Bg2 O-O 5.e4 c5 6.Nge2 Nc6 7.a3 a5 8.O-O d6 
9.d3 Ne8 10.Be3 Nd4 11.Bxd4 cxd4 12.Nb5 Qb6 13.a4 Nc7 14.f4 Na6 15.h3 e5 
16.f5 Bh6 17.h4 Bd7 18.Kh2 Nc5 19.Bh3 g5 20.Nexd4 exd4 21.Qh5 f6 22.Qxh6 
Bxb5 23.axb5 g4 24.Rf4 gxh3 25.Rg4+ Kf7 26.Rg7+ Ke8 27.Qxh7 Kd8 28.b4 Kc8 
29.bxc5 dxc5 30.h5 1-0

[Event "Nis it"]
[Site "Nis YUG"]
[Date "1979.10.28"]
[Round "10"]
[White "Tringov, Georgi"]
[Black "Vukic, Milan"]
[Result "1/2-1/2"]
[WhiteElo "2460"]
[BlackElo "2485"]
[EventDate "1979.10.17"]
[PlyCount "33"]
[Source "Perpetual Check"]

1.e4 c6 2.d4 d5 3.exd5 cxd5 4.c4 Nf6 5.Nc3 Nc6 6.Nf3 Bg4 7.cxd5 Nxd5 8.Qb3
Bxf3 9.gxf3 e6 10.Qxb7 Nxd4 11.Bb5+ Nxb5 12.Qc6+ Ke7 13.Qxb5 Qd7 14.Qxd7+ 
Kxd7 15.Nxd5 exd5 16.Be3 Ke6 17.Ke2 1/2-1/2

[Event "Nis it"]
[Site "Nis YUG"]
[Date "1979.10.28"]
[Round "10"]
[White "Marjanovic, Slavoljub"]
[Black "Seirawan, Yasser"]
[Result "0-1"]
[WhiteElo "2505"]
[BlackElo "2485"]
[EventDate "1979.10.17"]
[PlyCount "80"]
[Source "Perpetual Check"]

1.e4 c6 2.d4 d5 3.Nd2 dxe4 4.Nxe4 Bf5 5.Ng3 Bg6 6.h4 h6 7.Nf3 Nd7 8.h5 Bh7
9.Bd3 Bxd3 10.Qxd3 Qc7 11.Bd2 e6 12.Qe2 Ngf6 13.O-O-O c5 14.c4 cxd4 15.
Nxd4 Rc8 16.Kb1 Bc5 17.Bc3 O-O 18.Rh4 a6 19.Nb3 Be7 20.Rhd4 Nb6 21.Ba5 Qc6
22.Rc1 Na4 23.f4 b6 24.Bd2 Rfe8 25.Be3 Bd6 26.Rdd1 e5 27.f5 Red8 28.Rc2 e4
29.Nf1 Be5 30.Rxd8+ Rxd8 31.Bc1 Rd3 32.Nbd2 Nc5 33.b3 Qd7 34.g4 a5 35.Bb2 
Bxb2 36.Kxb2 Qd4+ 37.Kb1 e3 38.Nf3 Rd1+ 39.Rc1 Rxc1+ 40.Kxc1 Qa1+ 0-1

[Event "Nis it"]
[Site "Nis YUG"]
[Date "1979.10.28"]
[Round "10"]
[White "Kuligowski, Adam"]
[Black "Maksimovic, Branimir"]
[Result "1-0"]
[WhiteElo "2495"]
[BlackElo "2265"]
[EventDate "1979.10.17"]
[PlyCount "118"]
[Source "Perpetual Check"]

1.c4 d6 2.d4 g6 3.e4 Bg7 4.Nc3 Nc6 5.d5 Nd4 6.Be3 c5 7.dxc6 Nxc6 8.Qd2 Nf6
9.f3 O-O 10.Nge2 Qa5 11.Nf4 Be6 12.Be2 a6 13.O-O Rab8 14.a3 Rfc8 15.b4 Qe5
16.Rac1 Bh6 17.g3 Bg5 18.Ncd5 h5 19.h4 Bh6 20.Kg2 Kh7 21.Nb6 Rg8 22.b5 
axb5 23.cxb5 g5 24.Nd3 Qxb5 25.Rb1 Qa5 26.Qxa5 Nxa5 27.hxg5 Bxg5 28.f4 Bh4
29.Rf3 Nxe4 30.Rh1 Nxg3 31.Rxh4 Nf5+ 32.Kh3 Nxe3+ 33.f5 Nxf5 34.Rxh5+ Nh6+
35.Kh2 Nc6 36.Nf4 Ne5 37.Bd3+ Nxd3 38.Rxd3 Rg7 39.Nbd5 Bg4 40.Rh4 f6 41.
Re3 Rc8 42.Nxe7 Rc2+ 43.Kh1 Rf2 44.Ned5 Rf7 45.Rg3 f5 46.Re3 Bf3+ 47.Kg1 
Bxd5 48.Kxf2 Ba2 49.Reh3 Rf6 50.Ke3 d5 51.Kd4 b5 52.Rh2 Bc4 53.R2h3 Ra6 
54.Rg3 Rf6 55.Rg5 Bb3 56.Rh3 Bc4 57.Rh2 Bb3 58.Ke5 Ra6 59.Ne6 d4 1-0

[Event "Nis it"]
[Site "Nis YUG"]
[Date "1979.10.28"]
[Round "10"]
[White "Ermenkov, Evgeny"]
[Black "Pavlovic, Dragoljub"]
[Result "1/2-1/2"]
[WhiteElo "2495"]
[BlackElo "2340"]
[EventDate "1979.10.17"]
[PlyCount "87"]
[Source "Perpetual Check"]

1.d4 Nf6 2.Nf3 g6 3.Bf4 d6 4.h3 c5 5.e3 Qb6 6.Qc1 Nc6 7.c3 Bd7 8.Nbd2 cxd4
9.exd4 Qc7 10.Be2 Bg7 11.O-O O-O 12.Re1 Nh5 13.Bh2 Rac8 14.Qd1 Qd8 15.d5 
Nb8 16.Nd4 Nf6 17.Bf3 Na6 18.Bf4 Nc5 19.N2b3 Na4 20.Qe2 Re8 21.Rad1 Nb6 
22.Nc2 Nc4 23.Ne3 Bb5 24.Nxc4 Bxc4 25.Qe3 Ra8 26.Bh6 a5 27.Rd4 Bxb3 28.
axb3 e5 29.Rd2 Nd7 30.Bxg7 Kxg7 31.Be2 Qb6 32.Qxb6 Nxb6 33.Bb5 Rec8 34.Ra1
f5 35.f3 Rc5 36.c4 f4 37.Rdd1 Kf6 38.Kf2 Rcc8 39.Ke2 Ke7 40.Kd3 Nd7 41.
Bxd7 Kxd7 42.Ra3 b6 43.Rda1 Rab8 44.Kc3 1/2-1/2

[Event "Nis it"]
[Site "Nis YUG"]
[Date "1979.10.28"]
[Round "10"]
[White "Djukic, Zeljko"]
[Black "Ciric, Dragoljub"]
[Result "1/2-1/2"]
[WhiteElo "2370"]
[BlackElo "2440"]
[EventDate "1979.10.17"]
[PlyCount "75"]
[Source "Perpetual Check"]

1.d4 d5 2.c4 e6 3.Nf3 Nf6 4.g3 Be7 5.Bg2 O-O 6.O-O c6 7.Qc2 Nbd7 8.b3 b6 
9.Nc3 Bb7 10.Rd1 Rc8 11.e4 dxe4 12.Nxe4 c5 13.Nxf6+ Bxf6 14.Ng5 Bxg5 15.
Bxb7 Rc7 16.dxc5 Bf6 17.Bb2 Bxb2 18.Qxb2 Rxb7 19.c6 Rc7 20.cxd7 Qe7 21.Rd3
Rd8 22.Rad1 Rcxd7 23.Rxd7 Rxd7 24.Rxd7 Qxd7 25.Qc3 g6 26.h4 h5 27.b4 Qc6 
28.c5 bxc5 29.bxc5 Kf8 30.Qa5 Qd5 31.Qa3 Qd1+ 32.Kg2 Qd5+ 33.Kh2 Qd4 34.
Kg2 Qd5+ 35.Kh2 Qd4 36.c6+ Ke8 37.Qf3 Qc5 38.Qf4 1/2-1/2

[Event "Nis it"]
[Site "Nis YUG"]
[Date "1979.10.29"]
[Round "11"]
[White "Ciric, Dragoljub"]
[Black "Tringov, Georgi"]
[Result "1/2-1/2"]
[WhiteElo "2440"]
[BlackElo "2460"]
[EventDate "1979.10.17"]
[PlyCount "24"]
[Source "Perpetual Check"]

1.e4 c5 2.Nf3 d6 3.d4 cxd4 4.Qxd4 a6 5.c4 Nc6 6.Qd2 g6 7.h3 Bg7 8.Be2 Nf6 
9.Nc3 O-O 10.O-O Be6 11.Rb1 Nd7 12.b3 Nde5 1/2-1/2

[Event "Nis it"]
[Site "Nis YUG"]
[Date "1979.10.29"]
[Round "11"]
[White "Ilic, Zoran"]
[Black "Djukic, Zeljko"]
[Result "1/2-1/2"]
[WhiteElo "2440"]
[BlackElo "2370"]
[EventDate "1979.10.17"]
[PlyCount "40"]
[Source "Perpetual Check"]

1.d4 d5 2.c4 e6 3.Nc3 Nf6 4.Bg5 Be7 5.Nf3 O-O 6.e3 h6 7.Bh4 b6 8.cxd5 Nxd5
9.Bxe7 Qxe7 10.Nxd5 exd5 11.Qa4 c5 12.Qa3 Be6 13.Rc1 Rc8 14.Bb5 Qb7 15.
dxc5 bxc5 16.Rxc5 Rxc5 17.Qxc5 Na6 18.Bxa6 Qxa6 19.Qa3 Qc4 20.Qc3 Qa6 
1/2-1/2

[Event "Nis it"]
[Site "Nis YUG"]
[Date "1979.10.29"]
[Round "11"]
[White "Maksimovic, Branimir"]
[Black "Ermenkov, Evgeny"]
[Result "0-1"]
[WhiteElo "2265"]
[BlackElo "2495"]
[EventDate "1979.10.17"]
[PlyCount "72"]
[Source "Perpetual Check"]

1.d4 Nf6 2.Nc3 d5 3.Bg5 c5 4.Bxf6 gxf6 5.e3 cxd4 6.exd4 h5 7.Qf3 Be6 8.
Bb5+ Nc6 9.Nge2 a6 10.Ba4 Qd6 11.O-O-O O-O-O 12.h3 h4 13.Kb1 Bh6 14.Bxc6 
Qxc6 15.Rd3 Kb8 16.Nc1 Qd7 17.Nb3 Bf5 18.Rdd1 e6 19.g4 hxg3 20.fxg3 Bf8 
21.g4 Bg6 22.Qxf6 Bb4 23.h4 Bxc3 24.bxc3 Rc8 25.h5 Be4 26.Rh3 Qa4 27.Kb2 
Rhg8 28.Qf4+ Ka7 29.Rd2 Qb5 30.Qxf7 a5 31.a4 Qxa4 32.h6 Qb5 33.Ka3 a4 34.
Nc5 Rxg4 35.Rd1 Bxc2 36.c4 dxc4 0-1

[Event "Nis it"]
[Site "Nis YUG"]
[Date "1979.10.29"]
[Round "11"]
[White "Jansa, Vlastimil"]
[Black "Kuligowski, Adam"]
[Result "1-0"]
[WhiteElo "2495"]
[BlackElo "2495"]
[EventDate "1979.10.17"]
[PlyCount "71"]
[Source "Perpetual Check"]

1.e4 c5 2.Nf3 d6 3.d4 cxd4 4.Nxd4 Nf6 5.Nc3 a6 6.Be2 e5 7.Nb3 Be7 8.O-O 
O-O 9.Bg5 Nbd7 10.a4 h6 11.Bh4 b6 12.Bc4 Bb7 13.Qe2 Qc7 14.Rfd1 Rfc8 15.
Nd2 g5 16.Bg3 Nf8 17.f3 Ne6 18.Bf2 Re8 19.Bxe6 fxe6 20.Qc4 Qd7 21.Qb3 g4 
22.Nc4 Qc6 23.Nxb6 Bd8 24.Nxa8 Bxa8 25.Kh1 Kh8 26.Bh4 gxf3 27.gxf3 Qc7 28.
Qb4 Qf7 29.Rf1 d5 30.Qd6 Qh5 31.Bxf6+ Bxf6 32.Rae1 Bg5 33.Qxe5+ Kh7 34.f4 
dxe4 35.Nxe4 Rf8 36.fxg5 1-0

[Event "Nis it"]
[Site "Nis YUG"]
[Date "1979.10.29"]
[Round "11"]
[White "Vukic, Milan"]
[Black "Marjanovic, Slavoljub"]
[Result "1/2-1/2"]
[WhiteElo "2485"]
[BlackElo "2505"]
[EventDate "1979.10.17"]
[PlyCount "78"]
[Source "Perpetual Check"]

1.d4 d5 2.c4 dxc4 3.Nf3 Nf6 4.e3 e6 5.Bxc4 c5 6.O-O Nc6 7.Qe2 cxd4 8.Rd1 
Be7 9.exd4 O-O 10.Nc3 Na5 11.Bd3 b6 12.Bg5 Bb7 13.Rac1 Nd5 14.Qe4 g6 15.
Qh4 f6 16.Bh6 Nxc3 17.bxc3 Bxf3 18.gxf3 f5 19.Qg3 Bd6 20.f4 Rf7 21.Re1 Qd7
22.Qe3 Bf8 23.Bxf8 Kxf8 24.Qxe6 Qxe6 25.Rxe6 Rc7 26.Re2 Rac8 27.Rec2 Nc4 
28.Bxc4 Rxc4 29.Kf1 b5 30.Ke2 Re8+ 31.Kf3 a6 32.Kg2 Rec8 33.Kf1 b4 34.Ke2 
bxc3 35.Kd3 Ra4 36.Rxc3 Rd8 37.Rc4 Rxa2 38.R1c2 Ra3+ 39.R2c3 Rxc3+ 1/2-1/2

[Event "Nis it"]
[Site "Nis YUG"]
[Date "1979.10.30"]
[Round "12"]
[White "Tringov, Georgi"]
[Black "Marjanovic, Slavoljub"]
[Result "1/2-1/2"]
[WhiteElo "2460"]
[BlackElo "2505"]
[EventDate "1979.10.17"]
[PlyCount "59"]
[Source "Perpetual Check"]

1.d4 d5 2.c4 e6 3.Nc3 c5 4.cxd5 exd5 5.Nf3 Nc6 6.g3 Nf6 7.Bg2 Be7 8.O-O 
O-O 9.Bg5 c4 10.Ne5 Be6 11.b3 Qa5 12.Nxc6 bxc6 13.Na4 Rfd8 14.e3 c5 15.
Bxf6 gxf6 16.bxc4 cxd4 17.exd4 Rab8 18.cxd5 Bxd5 19.Qg4+ Kh8 20.Qh5 Bb4 
21.Bh3 Qxa4 22.Bf5 Kg7 23.Qxh7+ Kf8 24.Rfe1 Bxe1 25.Rxe1 Be6 26.Bxe6 fxe6 
27.Rxe6 Qxd4 28.Re4 Qd7 29.Qh8+ Kf7 30.Qh7+ 1/2-1/2

[Event "Nis it"]
[Site "Nis YUG"]
[Date "1979.10.30"]
[Round "12"]
[White "Kuligowski, Adam"]
[Black "Seirawan, Yasser"]
[Result "1/2-1/2"]
[WhiteElo "2495"]
[BlackElo "2485"]
[EventDate "1979.10.17"]
[PlyCount "39"]
[Source "Perpetual Check"]

1.d4 Nf6 2.c4 e6 3.Nf3 b6 4.a3 d5 5.Nc3 Be7 6.g3 c6 7.Bg2 O-O 8.O-O Ba6 9.
Ne5 Nfd7 10.Nxd7 Nxd7 11.cxd5 cxd5 12.Re1 Nf6 13.Bf4 Qd7 14.Rc1 Rac8 15.
Nb1 Rxc1 16.Bxc1 Rc8 17.Nd2 Qc7 18.Bf1 Qc2 19.Qxc2 Rxc2 20.f3 1/2-1/2

[Event "Nis it"]
[Site "Nis YUG"]
[Date "1979.10.30"]
[Round "12"]
[White "Ermenkov, Evgeny"]
[Black "Jansa, Vlastimil"]
[Result "1/2-1/2"]
[WhiteElo "2495"]
[BlackElo "2495"]
[EventDate "1979.10.17"]
[PlyCount "29"]
[Source "Perpetual Check"]

1.c4 Nf6 2.Nc3 c5 3.g3 e6 4.Nf3 b6 5.Bg2 Bb7 6.O-O Be7 7.d4 cxd4 8.Qxd4 d6
9.Rd1 a6 10.Be3 Nbd7 11.Ng5 Bxg2 12.Kxg2 O-O 13.Nge4 Ne8 14.f3 f5 15.Nf2 
1/2-1/2

[Event "Nis it"]
[Site "Nis YUG"]
[Date "1979.10.30"]
[Round "12"]
[White "Djukic, Zeljko"]
[Black "Pavlovic, Dragoljub"]
[Result "1-0"]
[WhiteElo "2370"]
[BlackElo "2340"]
[EventDate "1979.10.17"]
[PlyCount "82"]
[Source "Perpetual Check"]

1.d4 Nf6 2.c4 e6 3.Nf3 b6 4.g3 Bb7 5.Bg2 Be7 6.O-O O-O 7.Nc3 Ne4 8.Nxe4 
Bxe4 9.Ne1 Bxg2 10.Nxg2 c6 11.Qc2 d5 12.Rd1 Nd7 13.e4 Qc8 14.Nf4 Qb7 15.b3
Rfd8 16.Qe2 Nf8 17.a4 a6 18.f3 Rac8 19.Be3 b5 20.axb5 axb5 21.c5 Ra8 22.
Nd3 Nd7 23.Ra2 Ra7 24.Rda1 Rda8 25.Nb4 Nb8 26.Rxa7 Rxa7 27.Rxa7 Qxa7 28.
Qa2 Qxa2 29.Nxa2 Na6 30.b4 Nb8 31.Nc1 Kf8 32.e5 g5 33.g4 h6 34.h4 Nd7 35.
f4 gxh4 36.Kg2 Ke8 37.Kh3 Nf8 38.Bf2 Nh7 39.Bxh4 Bf8 40.Bf6 Kd7 41.Kg3 Be7
1-0

[Event "Nis it"]
[Site "Nis YUG"]
[Date "1979.10.30"]
[Round "12"]
[White "Ciric, Dragoljub"]
[Black "Ilic, Zoran"]
[Result "1/2-1/2"]
[WhiteElo "2440"]
[BlackElo "2440"]
[EventDate "1979.10.17"]
[PlyCount "25"]
[Source "Perpetual Check"]

1.e4 c5 2.Nf3 d6 3.d4 Nf6 4.Bb5+ Nbd7 5.Nc3 cxd4 6.Qxd4 e5 7.Qd3 h6 8.O-O 
Be7 9.Nd5 Nxd5 10.Qxd5 O-O 11.Bxd7 Qxd7 12.b3 Qc7 13.c4 1/2-1/2

[Event "Nis it"]
[Site "Nis YUG"]
[Date "1979.11.01"]
[Round "13"]
[White "Ilic, Zoran"]
[Black "Tringov, Georgi"]
[Result "1/2-1/2"]
[WhiteElo "2440"]
[BlackElo "2460"]
[EventDate "1979.10.17"]
[PlyCount "22"]
[Source "Perpetual Check"]

1.Nf3 Nf6 2.c4 g6 3.g3 Bg7 4.Bg2 O-O 5.O-O c5 6.Nc3 Nc6 7.d4 d6 8.dxc5 
dxc5 9.Bf4 Nh5 10.Be3 Nd4 11.Rc1 Bg4 1/2-1/2

[Event "Nis it"]
[Site "Nis YUG"]
[Date "1979.11.01"]
[Round "13"]
[White "Pavlovic, Dragoljub"]
[Black "Ciric, Dragoljub"]
[Result "1/2-1/2"]
[WhiteElo "2340"]
[BlackElo "2440"]
[EventDate "1979.10.17"]
[PlyCount "24"]
[Source "Perpetual Check"]

1.d4 d5 2.Nf3 c6 3.g3 Bg4 4.Bg2 Nd7 5.O-O e6 6.b3 Bxf3 7.Bxf3 Ngf6 8.Bb2 
Bd6 9.Nd2 Qe7 10.e4 dxe4 11.Nxe4 Nxe4 12.Bxe4 Nf6 1/2-1/2

[Event "Nis it"]
[Site "Nis YUG"]
[Date "1979.11.01"]
[Round "13"]
[White "Maksimovic, Branimir"]
[Black "Djukic, Zeljko"]
[Result "0-1"]
[WhiteElo "2265"]
[BlackElo "2370"]
[EventDate "1979.10.17"]
[PlyCount "54"]
[Source "Perpetual Check"]

1.d4 Nf6 2.Nc3 d5 3.Bg5 Nbd7 4.f3 e6 5.e4 dxe4 6.fxe4 h6 7.Bh4 Bb4 8.Qf3 
c5 9.e5 cxd4 10.exf6 dxc3 11.bxc3 Qa5 12.Ne2 g5 13.Bf2 Bc5 14.h4 Bxf2+ 15.
Kxf2 Rg8 16.hxg5 Qxg5 17.Rh5 Qxf6 18.Qxf6 Nxf6 19.Rh4 Bd7 20.Rb1 b6 21.g3 
Rc8 22.Bg2 Rc5 23.Bf3 h5 24.Rbh1 Rgg5 25.Rf4 Ke7 26.c4 Ra5 27.Nc3 Ra3 0-1

[Event "Nis it"]
[Site "Nis YUG"]
[Date "1979.11.01"]
[Round "13"]
[White "Seirawan, Yasser"]
[Black "Ermenkov, Evgeny"]
[Result "1/2-1/2"]
[WhiteElo "2485"]
[BlackElo "2495"]
[EventDate "1979.10.17"]
[PlyCount "23"]
[Source "Perpetual Check"]

1.c4 Nf6 2.Nc3 c5 3.g3 e6 4.Nf3 b6 5.Bg2 Bb7 6.O-O Be7 7.d4 cxd4 8.Qxd4 d6
9.Rd1 a6 10.b3 Nbd7 11.Bb2 O-O 12.Qe3 1/2-1/2

[Event "Nis it"]
[Site "Nis YUG"]
[Date "1979.11.01"]
[Round "13"]
[White "Vukic, Milan"]
[Black "Kuligowski, Adam"]
[Result "1/2-1/2"]
[WhiteElo "2485"]
[BlackElo "2495"]
[EventDate "1979.10.17"]
[PlyCount "27"]
[Source "Perpetual Check"]

1.d4 d5 2.c4 dxc4 3.Nf3 Nf6 4.e3 e6 5.Bxc4 c5 6.O-O a6 7.a4 Nc6 8.Qe2 cxd4
9.Rd1 Be7 10.exd4 O-O 11.Nc3 Nd5 12.Qe4 Nf6 13.Qe2 Nd5 14.Qe4 1/2-1/2